LEADER 00956nam a2200265Ki 4500 001 991002810979707536 008 150721s2006 it sb 001 0 ita d 020 $a9788847005396 035 $ab14235900-39ule_inst 040 $aBibl. Dip.le Aggr. Matematica e Fisica - Sez. Matematica$beng 082 0 $a005.72$221 084 $aAMS 94B05 100 1 $aGiuzzi, Luca$0318353 245 10$aCodici correttori :$bun'introduzione /$cLuca Giuzzi 260 $aMilano :$bSpringer,$c2006 300 $axiv, 402 p. ;$c24 cm 440 0$aUnitext ;$v27 504 $aIncludes bibliographical references 650 0$aAlgebra$xTheory correcting codes 907 $a.b14235900$b24-07-15$c21-07-15 912 $a991002810979707536 945 $aLE013 94B GIU11 (2006)$g1$i2013000225371$lle013$op$pE21.95$q-$rl$s- $t0$u5$v8$w5$x0$y.i15688288$z24-07-15 996 $aCodici correttori$9255522 997 $aUNISALENTO 998 $ale013$b21-07-15$cm$da $e $fita$git $h0$i0 LEADER 01188oam 2200397 450 001 9910424651503321 005 20231122184820.0 010 $a1-83962-524-4 035 $a(CKB)4100000011568857 035 $a(NjHacI)994100000011568857 035 $a(EXLCZ)994100000011568857 100 $a20221021d2020 uy 0 101 0 $aeng 135 $aur||||||||||| 181 $ctxt$2rdacontent 182 $cc$2rdamedia 183 $acr$2rdacarrier 200 00$aE. coli infections : importance of early diagnosis and efficient treatment /$fedited by Luis Rodrigo 210 1$aLondon :$cIntechOpen,$d2020. 210 4$dİ2020 215 $a1 online resource (xii, 234 pages) $cillustrations 311 0 $a1-83962-523-6 320 $aIncludes bibliographical references. 517 3 $aE. Coli Infections 606 $aEscherichia coli infections 606 $aCommunicable diseases 615 0$aEscherichia coli infections. 615 0$aCommunicable diseases. 676 $a616.926 702 $aRodrigo$b Luis 801 0$bNjHacI 801 1$bNjHacl 906 $aBOOK 912 $a9910424651503321 996 $aE. Coli Infections$92959808 997 $aUNINA LEADER 04485nam 2200649 450 001 9910821924203321 005 20230126214419.0 010 $a90-04-31472-5 024 7 $a10.1163/9789004314726 035 $a(CKB)3710000000709217 035 $a(EBL)4547330 035 $a(SSID)ssj0001678022 035 $a(PQKBManifestationID)16486138 035 $a(PQKBTitleCode)TC0001678022 035 $a(PQKBWorkID)14946951 035 $a(PQKB)11310227 035 $a(PQKBManifestationID)16382144 035 $a(PQKBWorkID)14946789 035 $a(PQKB)21260814 035 $a(MiAaPQ)EBC4547330 035 $a(nllekb)BRILL9789004314726 035 $a(EXLCZ)993710000000709217 100 $a20160628h20162016 uy 0 101 0 $aeng 135 $aur|n|---||||| 181 $ctxt$2rdacontent 182 $cc$2rdamedia 183 $acr$2rdacarrier 200 04$aThe Mongols' Middle East $econtinuity and transformation in Ilkhanid Iran /$fedited by Bruno De Nicola and Charles Melville 210 1$aLeiden, Netherlands ;$aBoston, Massachusetts :$cBrill,$d2016. 210 4$dİ2016 215 $a1 online resource (xiii, 346 pages) 225 1 $aIslamic History and Civilization. Studies and Texts,$x0929-2403 ;$vVolume 127 300 $aDescription based upon print version of record. 311 $a90-04-31199-8 320 $aIncludes bibliographical references at the end of each chapters and index. 327 $tPreliminary Material -- $tIntroduction /$rBruno De Nicola and Charles Melville -- $t1 Mongol Conquest Strategy in the Middle East /$rTimothy May -- $t2 Continuity and Change in the Mongol Army of the Ilkhanate /$rReuven Amitai -- $t3 Shams al-D?n Juwayni?, Vizier and Patron: Mediation between Ruler and Ruled in the Ilkhanate /$rEsther Ravalde -- $t4 The Economic Role of Mongol Women: Continuity and Transformation from Mongolia to Iran /$rBruno De Nicola -- $t5 Faith and the Law: Religious Beliefs and the Death Penalty in the Ilkhanate /$rFlorence Hodous -- $t6 Music in the Mongol Conquest of Baghdad: ?af? al-D?n Urmaw? and the Ilkhanid Circle of Musicians /$rMichal Biran -- $t7 Historical Epic as Mongol Propaganda? Juwayn??s Motifs and Motives /$rJudith Kolbas -- $t8 From the Mongols to the Timurids: Refinement and Attrition in Persian Painting /$rKarin Rührdanz -- $t9 Champions of the Persian Language: The Mongols or the Turks? /$rAptin Khanbaghi -- $t10 Darughachi in Armenia /$rBayarsaikhan Dashdondog -- $t11 The Phoenix Mosque ???, ????? /$rGeorge Lane -- $t12 Mamluk and Mongol Peripheral Politics: Asserting Sovereignty in the Middle East?s ?Kurdish Zone? (1260?1330) /$rBoris James -- $t13 The End of the Ilkhanate and After: Observations on the Collapse of the Mongol World Empire /$rCharles Melville -- $tIndex. 330 $aThe Mongols? Middle East: Continuity and Transformation in Ilkhanid Iran offers a collection of academic articles that investigate different aspects of Mongol rule in 13th- and 14th-century Iran. Sometimes treated only as part of the larger Mongol Empire, the volume focuses on the Ilkhanate (1258-1335) with particular reference to its relations with its immediate neighbours. It is divided into four parts, looking at the establishment, the internal and external dynamics of the realm, and its end. The different chapters, covering several topics that have received little attention before, aim to contribute to a better understanding of Mongol rule in the Middle East and its role in the broader medieval Eurasian world and its links with China. With contributions by: Reuven Amitai, Michal Biran, Bayarsaikhan Dashdondog, Bruno De Nicola, Florence Hodous, Boris James, Aptin Khanbaghi, Judith Kolbas, George Lane, Timothy May, Charles Melville, Esther Ravalde, Karin Rührdanz 410 0$aIslamic history and civilization ;$vVolume 127. 606 $aMongols$zIran$xHistory$yTo 1500 606 $aSocial change$zIran$xHistory$yTo 1500 607 $aIran$xHistory$y1256-1500 607 $aIran$xPolitics and government 607 $aIran$xSocial conditions 607 $aIran$xRelations 615 0$aMongols$xHistory 615 0$aSocial change$xHistory 676 $a955/.026 702 $aDe Nicola$b Bruno 702 $aMelville$b Charles 801 0$bMiAaPQ 801 1$bMiAaPQ 801 2$bMiAaPQ 906 $aBOOK 912 $a9910821924203321 996 $aThe Mongols' Middle East$93979008 997 $aUNINA